<?xml version="1.0" encoding="UTF-8"?>
<record
    xmlns:xsi="http://www.w3.org/2001/XMLSchema-instance"
    xsi:schemaLocation="http://www.loc.gov/MARC21/slim http://www.loc.gov/standards/marcxml/schema/MARC21slim.xsd"
    xmlns="http://www.loc.gov/MARC21/slim">

  <leader>01307nam0a2200313 i 4500</leader>
  <controlfield tag="001">RU\NLR\bibl\231075</controlfield>
  <controlfield tag="005">20241215062425.0</controlfield>
  <datafield tag="021" ind1=" " ind2=" ">
    <subfield code="a">RU</subfield>
    <subfield code="b">2001-8445&#x43F;</subfield>
    <subfield code="9">295</subfield>
  </datafield>
  <datafield tag="035" ind1=" " ind2=" ">
    <subfield code="a">(NLR Aleph) 000227028</subfield>
  </datafield>
  <datafield tag="090" ind1=" " ind2=" ">
    <subfield code="a">1320677</subfield>
    <subfield code="c">1320677</subfield>
  </datafield>
  <datafield tag="100" ind1=" " ind2=" ">
    <subfield code="a">20020220d2000    |||y0rusy50      ca</subfield>
  </datafield>
  <datafield tag="101" ind1="0" ind2=" ">
    <subfield code="a">rus</subfield>
  </datafield>
  <datafield tag="102" ind1=" " ind2=" ">
    <subfield code="a">RU</subfield>
  </datafield>
  <datafield tag="105" ind1=" " ind2=" ">
    <subfield code="a">a   |||||||||</subfield>
  </datafield>
  <datafield tag="200" ind1="1" ind2=" ">
    <subfield code="a">&#x420;&#x430;&#x437;&#x440;&#x435;&#x448;&#x438;&#x442;&#x435; &#x43F;&#x440;&#x435;&#x434;&#x441;&#x442;&#x430;&#x432;&#x438;&#x442;&#x44C;&#x441;&#x44F;: &#x43F;&#x43E;&#x440;&#x443;&#x447;&#x438;&#x43A; &#x420;&#x436;&#x435;&#x432;&#x441;&#x43A;&#x438;&#x439;!</subfield>
    <subfield code="e">(&#x410;&#x43D;&#x435;&#x43A;&#x434;&#x43E;&#x442; &#x441; &#x442;&#x43E;&#x447;&#x43A;&#x438; &#x437;&#x440;&#x435;&#x43D;&#x438;&#x44F; &#x442;&#x440;&#x430;&#x434;&#x438;&#x446;&#x438;&#x439; &#x43A;&#x443;&#x43B;&#x44C;&#x442;&#x443;&#x440;&#x44B;)</subfield>
    <subfield code="f">&#x421;&#x435;&#x434;&#x43E;&#x432; &#x410;.&#x424;.</subfield>
  </datafield>
  <datafield tag="210" ind1=" " ind2=" ">
    <subfield code="a">&#x411;&#x430;&#x43B;&#x430;&#x448;&#x43E;&#x432;</subfield>
    <subfield code="c">&#x411;.&#x438;.</subfield>
    <subfield code="d">2000</subfield>
  </datafield>
  <datafield tag="215" ind1=" " ind2=" ">
    <subfield code="a">80 &#x441;.</subfield>
    <subfield code="c">&#x438;&#x43B;.</subfield>
    <subfield code="d">20</subfield>
  </datafield>
  <datafield tag="225" ind1="1" ind2=" ">
    <subfield code="a">&#x412;&#x435;&#x441;&#x44B;</subfield>
    <subfield code="e">&#x410;&#x43B;&#x44C;&#x43C;. &#x433;&#x443;&#x43C;&#x430;&#x43D;&#x438;&#x442;. &#x43A;&#x430;&#x444;. &#x411;&#x430;&#x43B;&#x430;&#x448;. &#x444;&#x438;&#x43B;. &#x421;&#x430;&#x440;&#x430;&#x442;. &#x433;&#x43E;&#x441;. &#x443;&#x43D;-&#x442;&#x430; &#x438;&#x43C;. &#x41D;.&#x413;. &#x427;&#x435;&#x440;&#x43D;&#x44B;&#x448;&#x435;&#x432;&#x441;&#x43A;&#x43E;&#x433;&#x43E;</subfield>
    <subfield code="v">N16 : &#x41F;&#x435;&#x440;&#x441;&#x43E;&#x43D;. &#x432;&#x44B;&#x43F;.</subfield>
  </datafield>
  <datafield tag="300" ind1=" " ind2=" ">
    <subfield code="a">&#x41D;&#x430; 2-&#x439; &#x441;. &#x43E;&#x431;&#x43B;. &#x430;&#x432;&#x442;.: &#x421;&#x435;&#x434;&#x43E;&#x432; &#x410;.&#x424;. &#x434;&#x43E;&#x446;., &#x43A;. &#x444;&#x438;&#x43B;&#x43E;&#x43B;.&#x43D;.</subfield>
  </datafield>
  <datafield tag="320" ind1=" " ind2=" ">
    <subfield code="a">&#x411;&#x438;&#x431;&#x43B;&#x438;&#x43E;&#x433;&#x440;.: &#x441;.78-79 (36 &#x43D;&#x430;&#x437;&#x432;.)</subfield>
  </datafield>
  <datafield tag="606" ind1="0" ind2=" ">
    <subfield code="a">&#x410;&#x43D;&#x435;&#x43A;&#x434;&#x43E;&#x442; &#x440;&#x443;&#x441;&#x441;&#x43A;&#x438;&#x439;</subfield>
    <subfield code="9">972967</subfield>
    <subfield code="3">RU\NLR\auth\6646371</subfield>
  </datafield>
  <datafield tag="686" ind1=" " ind2=" ">
    <subfield code="a">&#x428;5(2=&#x420;)-337</subfield>
  </datafield>
  <datafield tag="686" ind1=" " ind2=" ">
    <subfield code="a">&#x426;4,6(2&#x420;)424</subfield>
  </datafield>
  <datafield tag="700" ind1=" " ind2="1">
    <subfield code="a">&#x421;&#x435;&#x434;&#x43E;&#x432;</subfield>
    <subfield code="b">&#x410;. &#x424;.</subfield>
    <subfield code="g">&#x410;&#x43B;&#x435;&#x43A;&#x441;&#x435;&#x439; &#x424;&#x435;&#x434;&#x43E;&#x440;&#x43E;&#x432;&#x438;&#x447;</subfield>
    <subfield code="4">070</subfield>
  </datafield>
  <datafield tag="801" ind1=" " ind2="0">
    <subfield code="a">RU</subfield>
    <subfield code="b">NLR</subfield>
    <subfield code="c">20020220</subfield>
    <subfield code="g">PSBO</subfield>
  </datafield>
  <datafield tag="801" ind1=" " ind2="1">
    <subfield code="a">RU</subfield>
    <subfield code="b">NLR</subfield>
    <subfield code="c">20020220</subfield>
  </datafield>
  <datafield tag="852" ind1=" " ind2=" ">
    <subfield code="a">NLR</subfield>
    <subfield code="j">&#x41F;34/1271</subfield>
  </datafield>
  <datafield tag="942" ind1=" " ind2=" ">
    <subfield code="c">BOOK</subfield>
  </datafield>
</record>
